| 000 | 00808nam a2200265 i 4500 | ||
|---|---|---|---|
| 001 | 8385 | ||
| 003 | ES-MaACL | ||
| 005 | 20230906145439.0 | ||
| 007 | t| | ||
| 008 | 920615s1989 sp ||||1| spa d | ||
| 020 | _a84-7774-514-5 | ||
| 080 | _a1 Platón | ||
| 080 | _a1 Parménides | ||
| 100 | 1 |
_aCornford, Francis Macdonald ( _d1874-1943) _9156750 |
|
| 245 | 1 | 0 |
_aPlatón y Parménides / _cF. M. Cornford ; [traducción de Francisco Giménez García]. |
| 260 |
_aMadrid : _bVisor, _cD.L. 1989. |
||
| 300 |
_a348 p. ; _c22 cm. |
||
| 490 | 1 |
_abalsa de la medusa ; _v14 |
|
| 600 | 0 | 4 |
_aPlatón. _992598 |
| 600 | 0 | 4 |
_aParménides. _989198 |
| 700 | 1 |
_aGiménez García, Francisco. _957048 |
|
| 830 | 0 |
_abalsa de la medusa ; _v14 _9177961 |
|
| 852 |
_aES-MaACL _jL-15790 _bR.120169 |
||
| 999 |
_c8385 _d8385 |
||